| 000 | 01301nab a2200217 i 4500 | ||
|---|---|---|---|
| 001 | 768714001 | ||
| 003 | CO-MdFUSB | ||
| 005 | 20240609121225.0 | ||
| 008 | 240529t1973 ag ||||| |||| 00| 0 spa d | ||
| 040 |
_bspa _cCO-MdFUSB _dCO-MdFUSB |
||
| 041 | _aspa | ||
| 100 |
_aDavidson, Samuela D., _eautor |
||
| 245 | 3 |
_aLa visión apocalíptica en la novela de Marechal _c/ Samuela D. Davidson |
|
| 520 | _aMarechal ha sido considerado en el mundo de las letras como un escritor católico de gran sensibilidad religiosa. El hecho que generalmente se desconoce es que en 1959 abandonó las filas del catolicismo y se unió a una iglesia evangélica. A partir de esta experiencia de conversión, la metafísica personal adquirió mayor profundidad en sus libros. Aunque nunca sacrificó el arte en aras de una didáctica de cartel, el tono de su mensaje cambió: admitió más abiertamente su fe y describió metafóricamente la experiencia de la conversión | ||
| 630 | 0 | 7 |
_aBiblia. _pApocalipsis |
| 650 | 7 |
_aBiblia y literatura _97329 |
|
| 650 | 0 |
_aRevelación en la Biblia _91078 |
|
| 773 | 0 |
_069974 _982716 _dBuenos Aires _oR2608 _tCerteza _w(CO-MdFUSB)768714001 _gNúmero 50, (abril a junio, 1973) páginas: 48 - 49 _qpágina: 48 |
|
| 942 | _cANA | ||
| 945 | _aCatherine Arias Álvarez - Practicante SENA | ||
| 999 |
_c69987 _d69987 |
||